| 000 | 02337nam a22001817a 4500 | ||
|---|---|---|---|
| 999 |
_c176274 _d176274 |
||
| 005 | 20201208160617.0 | ||
| 010 | _aENG-128641 | ||
| 020 |
_a978-93-901-6881-1 _c350.00 |
||
| 035 | _aEN-112173 | ||
| 037 | _bDBAD/PUB | ||
| 082 | _a423 | ||
| 245 | _aLongman New Junior English Dictionary/ | ||
| 250 | _aUpdated Edition | ||
| 260 |
_aUttar Pradesh _bPearson India Education Services Pvt. Ltd. _c2021 |
||
| 270 |
_bUttar Pradesh _e201301 _a15th Floor, Tower-B, World Trade Tower, Plot No.- 1, Block-C, Sector-16, Noida _mcompanysecretary.india@pearson.com _k044-66540100 |
||
| 300 |
_a432p. _c22cm(pbk) _bIncluding illustrations. |
||
| 942 |
_2ddc _cEN _h423 _mLON |
||